00498nam a22001457a 450000500170000000800410001704100130005808200140007110000530008524500900013825000190022826000470024730000330029465000250032720231108105719.0231108b |||||||| |||| 00| 0 eng d aEnglish  a346.3 KEM aKemp, DA ; Kemp, MS and McOustra, CJC lEnglsih  aThe Quantum of Damages : bFatal Injury Claims / cDA Kemp, MS Kemp and CJC McOustra  aSecond Edition aLondon : bSweet & Maxwell Limited, c1962 bxxiii, 323 pages ; c23 cm.  aLegal practice bLaw